Entry Personal Name
Number of records used in: 1
001 - CONTROL NUMBER
003 - CONTROL NUMBER IDENTIFIER
005 - DATE AND TIME OF LATEST TRANSACTION
- control field:
20200130145254.0
008 - FIXED-LENGTH DATA ELEMENTS
- fixed length control field:
100114n| azannaabn |n aaa c
010 ## - LIBRARY OF CONGRESS CONTROL NUMBER
- LC control number:
no2010007078
035 ## - SYSTEM CONTROL NUMBER
- System control number:
(OCoLC)oca08361288
040 ## - CATALOGING SOURCE
- Original cataloging agency:
OkU
- Language of cataloging:
eng
- Description conventions:
rda
- Transcribing agency:
OkU
- Modifying agency:
InU
046 ## - SPECIAL CODED DATES
100 1# - HEADING--PERSONAL NAME
- Personal name:
Mallery, Paul,
- Dates associated with a name:
1966-
670 ## - SOURCE DATA FOUND
- Source citation:
SPSS/PC+ step by step, c1995:
- Information found:
t.p. (Paul Mallery, Univ. of Calif., Los Angeles) pref. (currently chair of the Psych. Dept., at La Sierra Univ.)
670 ## - SOURCE DATA FOUND
- Source citation:
LC data base, 6/4/84
- Information found:
(hdg.: Mallery, Paul)
670 ## - SOURCE DATA FOUND
- Source citation:
SPSS for Windows step by step, c2010:
- Information found:
t.p. (Paul Mallery)
670 ## - SOURCE DATA FOUND
- Source citation:
E-mail from author, Jan. 13, 2010:
- Information found:
(Paul Mark Mallery, b. 1966; not author of books on model railroads)